Draft fourth plan: material and financial balances, 1964-65, 1970-71 & 1975-76. (Record no. 80105)
[ view plain ]
| 000 -LEADER | |
|---|---|
| fixed length control field | 00691cam a22002291 4500 |
| 001 - CONTROL NUMBER | |
| control field | sa 68004308 |
| 003 - CONTROL NUMBER IDENTIFIER | |
| control field | DLC |
| 005 - DATE AND TIME OF LATEST TRANSACTION | |
| control field | 20260227112500.0 |
| 008 - FIXED-LENGTH DATA ELEMENTS--GENERAL INFORMATION | |
| fixed length control field | 711020s1967 ii 000 0 eng |
| 010 ## - LIBRARY OF CONGRESS CONTROL NUMBER | |
| LC control number | sa 68004308 //r92 |
| 025 ## - OVERSEAS ACQUISITION NUMBER | |
| Overseas acquisition number | PL480:I-E-7995 |
| 040 ## - CATALOGING SOURCE | |
| Original cataloging agency | DLC |
| Transcribing agency | DLC |
| Modifying agency | DLC |
| 043 ## - GEOGRAPHIC AREA CODE | |
| Geographic area code | a-ii--- |
| 050 00 - LIBRARY OF CONGRESS CALL NUMBER | |
| Classification number | HC435.2 |
| Item number | .A55 |
| 082 00 - DEWEY DECIMAL CLASSIFICATION NUMBER | |
| Classification number | 338.954 |
| 110 10 - MAIN ENTRY--CORPORATE NAME | |
| Corporate name or jurisdiction name as entry element | India (Republic). |
| Subordinate unit | Planning Commission. |
| -- | Perspective Planning Division. |
| 245 10 - TITLE STATEMENT | |
| Title | Draft fourth plan: material and financial balances, 1964-65, 1970-71 & 1975-76. |
| 260 1# - PUBLICATION, DISTRIBUTION, ETC. | |
| Place of publication, distribution, etc. | [New Delhi] |
| Date of publication, distribution, etc. | 1966 [i.e. 1967] |
| 300 ## - PHYSICAL DESCRIPTION | |
| Extent | 149 p. |
| Dimensions | 27 cm. |
| 350 ## - PRICE (NR) (BK AM CF MU VM SE) [OBSOLETE] | |
| Price | Rs10 |
| -- | $3.60 |
| 651 #0 - SUBJECT ADDED ENTRY--GEOGRAPHIC NAME | |
| Geographic name | India |
| General subdivision | Economic policy |
| Chronological subdivision | 1966-1974. |
No items available.